000 01160nam a2200349 c 4500
001 21812
003 ES-MaCES
005 20141221122739.0
008 090130s2007 sp l o000 | spa d
017 _aM 18416-1998
_bDL
035 _aCES20090001012m
040 _aES-MaCES
_bspa
_cES-MaCES
245 0 0 _aInforme 6-07 sobre el Proyecto de decreto por el que se crea y regula el Fondo económico de emergencia para víctimas de violencia de género
_cConsejo Económico y Social, Comunidad de Madrid
260 _aMadrid
_bCES
_c[2007]
300 _a21 p.
_c24 cm
500 _aTít. tomado de la cub.
541 _cGratuito
650 4 _afondo
_929796
650 4 _arecursos económicos
_927083
650 4 _aasignación de recursos
_927024
650 4 _amujeres
_928657
650 4 _aviolencia
_929388
650 4 _amalos tratos
_930808
650 4 _aMadrid (Comunidad Autónoma)
_930777
650 4 _arégimen jurídico
_929894
650 4 _ainforme
_928986
653 1 0 _aMujer
710 2 _aConsejo Económico y Social (Madrid)
_92424
902 _aLIB Libro
942 _2CES
_cBK
_h3.3.
999 _c21812
_d21812